000 00589nam a22001937a 4500
999 _c169930
_d169930
005 20191209112646.0
010 _aA-549968
020 _c13.00
_a-
035 _aA-549968
037 _bBPPD
082 _a500
100 _aشہز ا د ا حمد
245 _aسا ءنسی ا نقلا ب :يقين سے ا مکا ن تک
_cشہز ا د ا حمد
246 _aSciencei Inqalab
_bby Shehzad Ahmed
260 _aLahore
_c1988 ء
_bSang-e-Mel Publications
270 _aLahore
_bPakistan
_k-
_e-
300 _a344 ص
_c22 cm(hb)
942 _2ddc
_cUR
_h500
_mش ہ ز